00832nam a2200277Ia 45000010006000000050017000060070003000230080041000260200007000670400025000740410008000990820020001071000025001272450104001522500014002562600042002703000019003125040010003316530014003416530015003556530017003706530017003879420012004049520121004169990017005371038220240113235219.0ta130918s1957 ii g b000 u 465 u cHB aCotton College,Assam aeng a338.91bSt 52 P aStigler, George J. . 0aProduction and Distribution Theories: The Formative Period /cGeorge J. Stigler.hTextual Documents a1st ed. / aNew York :bMacmillan and Co ,c1957. a392p. ;c22cm. aIndex aEconomics aProduction aDistribution aMS-Economics 2ddccBK 00104070aSKBLbSKBLcT/G-Ecod2012-02-01f00000l0o338.91 St 52 Pp37844r2024-01-13 00:00:00t1w2012-02-01yBK c10369d10369